Le ciel et l'enfer d'Arthur Buies /

Bibliographic Details
Main Author: Gagnon, Marcel A.
Format: Book
Language:French
Published: Quebec : Presses de l'Universite Laval, 1965.
Series:Vie des lettres canadiennes, 2
Subjects:

MARC

Tag First Indicator Second Indicator Subfields
LEADER 00000cam a2200000 4500
001 in00000022064
005 20151007063839.0
008 780106s1965 qucch b 00010 fre
010 |a  65003150  
035 |a (OCoLC)03536320 
035 |9 AAD8408AM 
040 |a DLC  |c AZS  |d TXA  |d UtOrBLW 
049 |a TXAM  |c [466337] 
050 0 |a CT310.B9  |b G3 
092 |a 840  |b B932g 
100 1 |a Gagnon, Marcel A. 
245 1 3 |a Le ciel et l'enfer d'Arthur Buies /  |c [par] Marcel-A. Gagnon. 
264 1 |a Quebec :  |b Presses de l'Universite Laval,  |c 1965. 
300 |a 360 pages :  |b facsimiles, portrait ;  |c 23 cm. 
336 |a text  |b txt  |2 rdacontent 
337 |a unmediated  |b n  |2 rdamedia 
338 |a volume  |b nc  |2 rdacarrier 
490 0 |a Vie des lettres canadiennes, 2 
504 |a Bibliography: pages [351]-360. 
600 1 0 |a Buies, Arthur,  |d 1840-1901. 
999 |a MARS 
999 f f |s e5100988-8af8-309b-9db1-5175040e84eb  |i 3f3ff15d-5314-3512-bac4-7528c1de32f8  |t 0 
952 f f |p ric  |a Texas A&M University  |b Rellis Campus  |c Joint Library Facility  |d Remote Storage  |t 0  |e CT310.B9 G3  |h Library of Congress classification  |i unmediated -- volume  |m A14801361634 
998 f f |a CT310.B9 G3  |t 0  |l Remote Storage